书目信息 |
| 题名: |
电力系统稳定性理论与方法
|
|
| 作者: | 余贻鑫 , 王成山 编著 | |
| 分册: | ||
| 出版信息: | 北京 科学出版社 1999.01 |
|
| 页数: | 363页 | |
| 开本: | 16开 | |
| 丛书名: | ||
| 单 册: | ||
| 中图分类: | TM712 | |
| 科图分类: | ||
| 主题词: | 输电理论 , 输电--电力工程--分析 , 配电系统--电力工程--理论 , 配电系统--电力工程--分析 , 电力系统--理论 , 电力系统--分析 | |
| 电子资源: | ||
| ISBN: | 7-03-005439-3 | |
| 000 | 00807nam0 2200265 45 | |
| 001 | 0009041891 | |
| 005 | 20000904182306.1 | |
| 010 | @a7-03-005439-3@d42.00元 | |
| 100 | @a20000904d1999 km y0chiy0120 ea | |
| 101 | 0 | @achi |
| 105 | @a z 000yy | |
| 200 | 1 | @a电力系统稳定性理论与方法@ADian Li Xi Tong Wen Ding Xing Li Lun Yu Fang Fa@f余贻鑫,王成山编著@FYu Yi Xin,Wang Cheng Shan Bian Zhu |
| 210 | @a北京@c科学出版社@d1999.01 | |
| 215 | @a363页@d16开 | |
| 606 | 0 | @a输电理论 |
| 606 | 0 | @a输电@x电力工程@x分析 |
| 606 | 0 | @a配电系统@x电力工程@x理论 |
| 606 | 0 | @a配电系统@x电力工程@x分析 |
| 606 | 0 | @a电力系统@x理论 |
| 606 | 0 | @a电力系统@x分析 |
| 690 | @aTM712@v3 | |
| 701 | 0 | @a余贻鑫@4编著 |
| 701 | 0 | @a王成山@4编著 |
| 801 | @aCN@bPftUser@c20000904 | |
| 905 | @b119461-463@dTM712@eY903@f3 | |
| 电力系统稳定性理论与方法/余贻鑫,王成山编著.-北京:科学出版社,1999.01 |
| 363页;16开 |
| ISBN 7-03-005439-3:42.00元 |
| ● |
| 相关链接 |
|
|
|
正题名:电力系统稳定性理论与方法
索取号:TM712/Y903
 
预约/预借
| 序号 | 登录号 | 条形码 | 馆藏地/架位号 | 状态 | 备注 |
| 1 | 119461 | 201194616 | 期刊室512/301自科库 12排1列4层/ [索取号:TM712/Y903] | 在馆 | |
| 2 | 119462 | 201194625 | 自科二线400A/400A自科库 5排3列2层/ [索取号:TM712/Y903] | 在馆 | |
| 3 | 119463 | 201194634 | 自科库301/301自科库 17排2列3层/ [索取号:TM712/Y903] | 在馆 |